Score 0/14 Timer 02:00
0 Plays Today
Scrambled writing stuff Unscrambled words % Correct
PNEPEN
99.8%
KININK
99.6%
AHDNHAND
97.6%
KEDSDESK
95.9%
EARRKMMARKER
91.1%
PEARPPAPER
87.9%
HACKLCHALK
86.8%
Scrambled writing stuff Unscrambled words % Correct
CLEPINPENCIL
85.8%
POUTERCMCOMPUTER
76.3%
PYREERTWITTYPEWRITER
76%
CORNYACRAYON
75.4%
OKTBEONONOTEBOOK
68.6%
RCBLODKAABBLACKBOARD
66.3%
TESON APDSTENO PAD
33.5%
Remove Ads.
Support Sporcle.
Get the best of Sporcle when you Go Orange. This ad-free experience offers more features, more stats, and more fun while also helping to support Sporcle. Thank you for becoming a member.

You're not logged in!

Compare scores with friends on all Sporcle quizzes.
OR
Log In

Show Comments

Extras

Top Quizzes Today


Score Distribution

Your Account Isn't Verified!

In order to create a playlist on Sporcle, you need to verify the email address you used during registration. Go to your Sporcle Settings to finish the process.

Report this User

Report this user for behavior that violates our Community Guidelines.

Details: